000 00852nam a22001817a 4500
008 140828b xxu||||| |||| 00| 0 eng d
020 _a9780314149084
050 _aKF957.N53
100 _aNickles, Steve H.
245 _aPayments law and commercial paper: learning and teaching materials. /
_cSteve H. Nickles
260 _bAmerican Casebook Series,
_c2009.
300 _axx, 831p.:
_c25cm.
500 _aIncludes index.
505 _aContents: Paying in cash -- Escrowing payment -- Paying by check -- Returning dishonored checks -- Suing on checks -- Checking accounts -- Check fraud -- Shifting check fraud losses -- Bank checks -- Paying against documents -- Letters of credit -- Credit cards -- Commercial funds transfers -- Consumer funds transfers -- Digital money.
650 _aLaw.
700 _aMatthews, Mary Beth.
942 _2lcc
_cBK
999 _c3824
_d11324